| 000 | 00471nam a22001337a 4500 | ||
|---|---|---|---|
| 005 | 20251029164502.0 | ||
| 008 | 251029b |||||||| |||| 00| 0 eng d | ||
| 050 | _aRT76 AME | ||
| 110 | _aAmerican Nurses Association | ||
| 245 |
_aRoles and Responsibilities for Nursing Continuing Education and Staff Development Across All Settings _cAmerican Nurses Association |
||
| 260 |
_aWashington _bAmerican Nurses Publishing _c1992 |
||
| 300 |
_aiii. 14p. _c23cm |
||
| 942 |
_2lcc _cBK _n0 |
||
| 999 |
_c7899 _d7899 |
||